00582nam a2200157 a 450000100100000000500170001000800410002704000250006808200140009324500950010726000420020230000260024459000250027095201120029599900170040700004784620201002060754.0180829s1979 dr 000 spa d aDO-SdBNPbspacBNPHU axxxbA498 0aAmérica tiene memoria :. :btestimonio de una defensa de la democracia en el continente. aSanto Domingo :bAlfa y Omega,c1979. a44 p. :bil ;c22 cm. aInventariado,2018/DG 0010718PDaPDbPDcHDd2018-08-29iLF1l0oxxx A498p47846-10r2020-06-25w2020-06-25yLFPDZNo se presta c47334d47334